Directors of the Top 250 IMBb Movies - Statistics

General Stats
  • This quiz has been taken 345 times
  • The average score is 144 of 271
Answer Stats
# Year Movie Director % Correct
6 1993 Schindler's List Steven Spielberg
97%
27 1998 Saving Private Ryan Steven Spielberg
97%
55 1981 Raiders of the Lost Ark Steven Spielberg
97%
118 1989 Indiana Jones and the Last Crusade Steven Spielberg
97%
169 1993 Jurassic Park Steven Spielberg
97%
198 2002 Catch Me If You Can Steven Spielberg
97%
4 2008 The Dark Knight Christopher Nolan
96%
13 2010 Inception Christopher Nolan
96%
30 2014 Interstellar Christopher Nolan
96%
48 2006 The Prestige Christopher Nolan
96%
57 2000 Memento Christopher Nolan
96%
72 2012 The Dark Knight Rises Christopher Nolan
96%
127 2005 Batman Begins Christopher Nolan
96%
17 1990 Goodfellas Martin Scorsese
96%
45 2006 The Departed Martin Scorsese
96%
106 1976 Taxi Driver Martin Scorsese
96%
140 1995 Casino Martin Scorsese
96%
142 1980 Raging Bull Martin Scorsese
96%
145 2013 The Wolf of Wall Street Martin Scorsese
96%
162 2010 Shutter Island Martin Scorsese
96%
8 1994 Pulp Fiction Quentin Tarantino
96%
60 2012 Django Unchained Quentin Tarantino
96%
86 1992 Reservoir Dogs Quentin Tarantino
96%
87 2009 Inglourious Basterds Quentin Tarantino
96%
176 2003 Kill Bill: Vol. 1 Quentin Tarantino
96%
2 1972 The Godfather Francis Ford Coppola
95%
3 1974 The Godfather: Part II Francis Ford Coppola
95%
56 1979 Apocalypse Now Francis Ford Coppola
95%
41 1960 Psycho Alfred Hitchcock
94%
52 1954 Rear Window Alfred Hitchcock
94%
92 1958 Vertigo Alfred Hitchcock
94%
98 1959 North by Northwest Alfred Hitchcock
94%
153 1954 Dial M for Murder Alfred Hitchcock
94%
225 1940 Rebecca Alfred Hitchcock
94%
7 2003 The Lord of the Rings: The Return of the King Peter Jackson
94%
10 2001 The Lord of the Rings: The Fellowship of the Ring Peter Jackson
94%
15 2002 The Lord of the Rings: The Two Towers Peter Jackson
94%
63 1980 The Shining Stanley Kubrick
92%
64 1957 Paths of Glory Stanley Kubrick
92%
69 1964 Dr Strangelove Stanley Kubrick
92%
89 1968 2001: A Space Odyssey Stanley Kubrick
92%
97 1987 Full Metal Jacket Stanley Kubrick
92%
99 1971 A Clockwork Orange Stanley Kubrick
92%
208 1975 Barry Lyndon Stanley Kubrick
92%
25 1977 Star Wars Episode IV - A New Hope George Lucas
90%
158 2007 No Country for Old Men Joel Coen
89%
174 1996 Fargo Joel Coen
89%
184 1998 The Big Lebowski Joel Coen
89%
129 1992 Unforgiven Clint Eastwood
88%
175 2008 Gran Torino Clint Eastwood
88%
210 2004 Million Dollar Baby Clint Eastwood
88%
158 2007 No Country for Old Men Ethan Coen
88%
42 2000 Gladiator Ridley Scott
88%
54 1979 Alien Ridley Scott
88%
167 1982 Blade Runner Ridley Scott
88%
40 1936 Modern Times Charlie Chaplin
87%
43 1931 City Lights Charlie Chaplin
87%
58 1940 The Great Dictator Charlie Chaplin
87%
101 1921 The Kid Charlie Chaplin
87%
152 1925 The Gold Rush Charlie Chaplin
87%
12 1994 Forrest Gump Robert Zemeckis
87%
37 1985 Back to the Future Robert Zemeckis
87%
38 1991 Terminator 2: Judgment Day James Cameron
86%
74 1986 Aliens James Cameron
86%
241 1984 The Terminator James Cameron
86%
19 1954 Seven Samurai Akira Kurosawa
85%
80 1963 High and Low Akira Kurosawa
85%
114 1952 Ikiru Akira Kurosawa
85%
125 1950 Rashomon Akira Kurosawa
85%
126 1961 Yojimbo Akira Kurosawa
85%
137 1985 Ran Akira Kurosawa
85%
11 1999 Fight Club David Fincher
85%
20 1995 Seven David Fincher
85%
189 2014 Gone Girl David Fincher
85%
9 1966 The Good, the Bad and the Ugly Sergio Leone
84%
47 1968 Once Upon a Time in the West Sergio Leone
84%
73 1984 Once Upon a Time in America Sergio Leone
84%
112 1965 For a Few Dollars More Sergio Leone
84%
39 2002 The Pianist Roman Polanski
82%
150 1974 Chinatown Roman Polanski
82%
95 1941 Citizen Kane Orson Welles
81%
78 1995 Braveheart Mel Gibson
80%
190 2016 Hacksaw Ridge Mel Gibson
80%
151 2007 There Will Be Blood Paul Thomas Anderson
80%
194 2014 The Grand Budapest Hotel Wes Anderson
80%
49 2019 1917 Sam Mendes
73%
76 1999 American Beauty Sam Mendes
73%
161 1980 The Elephant Man David Lynch
72%
141 2006 Pan's Labyrinth Guillermo del Toro
70%
5 1957 12 Angry Men Sidney Lumet
70%
204 1976 Network Sidney Lumet
70%
26 2019 Parasite Bong Joon-ho
69%
187 2003 Memories of Murder Bong Joon-ho
69%
24 1946 It's a Wonderful Life Frank Capra
69%
191 1939 Mr. Smith Goes to Washington Frank Capra
69%
233 1934 It Happened One Night Frank Capra
69%
18 1975 One Flew Over the Cuckoo's Nest Milos Forman
69%
85 1984 Amadeus Milos Forman
69%
1 1994 The Shawshank Redemption Frank Darabont
68%
29 1999 The Green Mile Frank Darabont
68%
22 1997 Life Is Beautiful Roberto Benigni
68%
67 1950 Sunset Blvd. Billy Wilder
67%
71 1957 Witness for the Prosecution Billy Wilder
67%
115 1944 Double Indemnity Billy Wilder
67%
117 1960 The Apartment Billy Wilder
67%
132 1959 Some Like It Hot Billy Wilder
67%
230 1951 Ace in the Hole Billy Wilder
67%
156 1957 The Seventh Seal Ingmar Bergman
67%
173 1957 Wild Strawberries Ingmar Bergman
67%
197 1966 Persona Ingmar Bergman
67%
16 1999 The Matrix The Wachowskis
67%
104 1983 Scarface Brian De Palma
65%
100 2000 Snatch Guy Ritchie
65%
144 1998 Lock, Stock and Two Smoking Barrels Guy Ritchie
65%
23 1991 The Silence of the Lambs Jonathan Demme
65%
90 1931 M Fritz Lang
64%
111 1927 Metropolis Fritz Lang
64%
28 2001 Spirited Away Hayao Miyazaki
64%
68 1997 Princess Mononoke Hayao Miyazaki
64%
133 2004 Howl's Moving Castle Hayao Miyazaki
64%
136 1988 My Neighbour Totoro Hayao Miyazaki
64%
218 1984 Nausicaä of the Valley of the Wind Hayao Miyazaki
64%
248 1986 Laputa: Castle in the Sky Hayao Miyazaki
64%
164 1999 The Sixth Sense M. Night Shyamalan
63%
209 1986 Platoon Oliver Stone
63%
139 2001 A Beautiful Mind Ron Howard
63%
213 2013 Rush Ron Howard
63%
91 2000 Requiem for a Dream Darren Aronofsky
62%
61 2018 Avengers: Infinity War Anthony Russo
61%
62 2019 Avengers: Endgame Anthony Russo
61%
46 2014 Whiplash Damien Chazelle
61%
61 2018 Avengers: Infinity War Joe Russo
61%
62 2019 Avengers: Endgame Joe Russo
61%
123 1995 Heat Michael Mann
61%
160 1996 Trainspotting Danny Boyle
60%
107 1962 Lawrence of Arabia David Lean
59%
168 1957 The Bridge on the River Kwai David Lean
59%
31 1994 Léon: The Professional Luc Besson
58%
165 1982 The Thing John Carpenter
57%
34 2019 Joker Todd Phillips
56%
119 2010 Incendies Denis Villeneuve
55%
199 2013 Prisoners Denis Villeneuve
55%
200 2013 12 Years a Slave Steve McQueen
54%
122 1975 Monty Python and the Holy Grail Terry Gilliam
54%
50 1942 Casablanca Michael Curtiz
53%
70 2003 Oldboy Chan-wook Park
52%
228 2016 The Handmaiden Chan-wook Park
52%
207 2015 Mad Max: Fury Road George Miller
52%
178 1978 The Deer Hunter Michael Cimino
52%
196 1995 Before Sunrise Richard Linklater
52%
238 2004 Before Sunset Richard Linklater
52%
32 1995 The Usual Suspects Bryan Singer
51%
171 1954 On the Waterfront Elia Kazan
50%
88 1997 Good Will Hunting Gus Van Sant
50%
103 1952 Singin' in the Rain Gene Kelly
49%
205 1986 Stand by Me Rob Reiner
49%
235 1987 The Princess Bride Rob Reiner
49%
192 1926 The General Buster Keaton
48%
195 1924 Sherlock Jr. Buster Keaton
48%
166 1939 Gone with the Wind Victor Fleming
47%
223 2000 Amores Perros Alejandro González Iñárritu
46%
215 1959 Ben-Hur William Wyler
46%
217 1966 Andrei Rublev Andrei Tarkovsky
45%
14 1980 Star Wars Episode V - The Empire Strikes Back Irvin Kershner
44%
122 1975 Monty Python and the Holy Grail Terry Jones
44%
206 1979 Monty Python's Life of Brian Terry Jones
44%
146 1948 The Treasure of the Sierra Madre John Huston
43%
182 1998 The Truman Show Peter Weir
42%
221 1989 Dead Poets Society Peter Weir
42%
79 1981 Das Boot Wolfgang Petersen
42%
202 2007 Into the Wild Sean Penn
41%
220 1959 The 400 Blows François Truffaut
39%
243 1984 Paris, Texas Wim Wenders
39%
94 2004 Eternal Sunshine of the Spotless Mind Michel Gondry
38%
83 1995 Toy Story John Lasseter
37%
219 2011 Harry Potter and the Deathly Hallows: Part 2 David Yates
36%
109 1973 The Sting George Roy Hill
36%
242 1969 Butch Cassidy and the Sundance Kid George Roy Hill
36%
21 2002 City of God Fernando Meirelles
34%
138 1950 All About Eve Joseph L. Mankiewicz
34%
239 2000 In the Mood for Love Kar-Wai Wong
34%
232 2019 Marriage Story Noah Baumbach
33%
226 1976 Rocky John G. Avildsen
32%
124 1988 Die Hard John McTiernan
32%
170 1949 The Third Man Carol Reed
31%
159 2019 Le Mans '66 (Ford v Ferrari) James Mangold
31%
214 2017 Logan James Mangold
31%
96 2012 The Hunt Thomas Vinterberg
31%
179 1953 Tokyo Story Yasujirô Ozu
31%
102 1948 Bicycle Thieves Vittorio De Sica
30%
148 2017 Three Billboards Outside Ebbing, Missouri Martin McDonagh
29%
128 2018 Green Book Peter Farrelly
28%
77 2017 Coco Lee Unkrich
27%
108 2010 Toy Story 3 Lee Unkrich
27%
172 2003 Finding Nemo Lee Unkrich
27%
120 2009 Up Pete Docter
27%
155 2015 Inside Out Pete Docter
27%
229 2001 Monsters, Inc. Pete Docter
27%
105 2001 Amélie Jean-Pierre Jeunet
26%
33 1962 Harakiri Masaki Kobayashi
26%
65 2008 WALL·E Andrew Stanton
24%
172 2003 Finding Nemo Andrew Stanton
24%
231 1995 La Haine Mathieu Kassovitz
24%
82 1983 Star Wars: Episode VI - Return of the Jedi Richard Marquand
24%
121 1997 L.A. Confidential Curtis Hanson
23%
53 1988 Cinema Paradiso Giuseppe Tornatore
23%
103 1952 Singin' in the Rain Stanley Donen
22%
36 1998 American History X Tony Kaye
22%
212 1928 The Passion of Joan of Arc Carl Theodor Dreyer
21%
134 1985 Come and See Elem Klimov
21%
227 1948 The Red Shoes Michael Powell
21%
227 1948 The Red Shoes Emeric Pressburger
20%
188 1993 In the Name of the Father Jim Sheridan
20%
224 2015 Spotlight Tom McCarthy
20%
51 1988 Grave of the Fireflies Isao Takahata
18%
113 2011 A Separation Asghar Farhadi
17%
59 2006 The Lives of Others Florian Henckel von Donnersmarck
17%
203 1953 The Wages of Fear Henri-Georges Clouzot
17%
163 2015 Room Lenny Abrahamson
17%
135 1963 The Great Escape John Sturges
15%
147 1961 Judgment at Nuremburg Stanley Kramer
13%
75 2016 Your Name. Makato Shinkai
12%
35 1994 The Lion King Rob Minkoff
12%
120 2009 Up Bob Peterson
11%
44 2011 The Intouchables Éric Toledano
11%
222 2004 Hotel Rwanda Terry George
11%
84 2007 Like Stars on Earth Aamir Khan
10%
21 2002 City of God Kátia Lund
9%
211 2009 Hachi: A Dog's Tale Lasse Hallström
9%
44 2011 The Intouchables Olivier Nakache
9%
116 1962 To Kill a Mockingbird Robert Mulligan
9%
35 1994 The Lion King Roger Allers
9%
250 2014 Song of the Sea Tomm Moore
9%
66 2018 Spider-Man: Into the Spider-Verse Peter Ramsey
8%
234 1949 White Heat Raoul Walsh
8%
240 2011 The Help Tate Taylor
8%
181 1979 Stalker Andrei Tarkowsky
7%
157 2011 Warrior Gavin O'Connor
7%
245 1988 Akira Katsuhiro Ôtomo
7%
201 1967 Cool Hand Luke Stuart Rosenberg
7%
183 2014 Wild Tales Damián Szifron
6%
193 2010 How to Train Your Dragon Dean DeBlois
6%
249 1997 Neon Genesis Evangelion: The End of Evangelion Hideaki Anno
6%
154 2005 V for Vendetta James McTeigue
6%
247 1992 Aladdin John Musker
6%
143 2009 The Secret in Their Eyes Juan José Campanella
6%
131 1997 Children of Heaven Majid Majidi
6%
130 2004 Downfall Oliver Hirschbiegel
6%
247 1992 Aladdin Ron Clements
6%
186 2009 Mary and Max Adam Elliot
5%
77 2017 Coco Adrian Molina
5%
66 2018 Spider-Man: Into the Spider-Verse Bob Persichetti
5%
110 2018 Capernaum Nadine Labaki
5%
193 2010 How to Train Your Dragon Chris Sanders
4%
81 2009 3 Idiots Rajkumar Hirani
4%
244 2014 PK Rajkumar Hirani
4%
66 2018 Spider-Man: Into the Spider-Verse Rodney Rothman
4%
237 2012 Gangs of Wasseypur Anurag Kashyap
3%
236 2001 Lagaan: Once Upon a Time in India Ashutosh Gowariker
3%
192 1926 The General Clyde Bruckman
3%
93 2016 Dangal Nitesh Tiwari
3%
216 2006 Rang De Basanti Rakeysh Omprakash Mehra
3%
155 2015 Inside Out Ronnie Del Carmen
3%
185 2019 Klaus Sergio Pablos
3%
149 2005 My Father and My Son Çagan Irmak
2%
246 2016 The Invisible Guest Oriol Paulo
2%
177 2018 Andhadhun Sriram Raghavan
2%
180 1996 The Bandit Yavuz Turgul
2%
185 2019 Klaus Carlos Martínez López
1%
229 2001 Monsters, Inc David Silverman
1%
249 1997 Neon Genesis Evangelion: The End of Evangelion Kazuya Tsurumaki
1%
No matching quizzes found
Score Distribution
Percent of People with Each Score
Percentile by Number Answered
Your Score History
You have not taken this quiz